000 00283nam a22001217a 4500
999 _c153985
_d153985
082 _a
_b
100 _aSteve Seguis
245 _aMicrosoft windows server 2008 administration/
_cby Steve Seguis.
260 _a
_bDreamtech,
_c2008.
300 _a485p.
650 _a
942 _cBK